Toulky morašickou minulostí /

Main Author: Blaha, Jan
Language: Czech
Published: Morašice : Obec Morašice, 2013
Physical Description: [10] l. : il. (převážně barev.), 1 faksim. ; 22 cm
Book
Saved in:
LEADER 01521nam a2200397 a 4500
001 nkc20132481007
003 CZ PrNK
005 20130829080109.0
007 ta
008 130802s2013 xr ah e 000 0 cze
015 |a cnb002481007 
020 |a 978-80-260-4870-1  |q (v knize neuvedeno :  |q volné l. v přebalu) 
035 |a (OCoLC)857953481 
040 |a BOA001  |b cze  |d ABA001 
043 |a e-xr---  |b e-xr-jm  |2 czenas 
072 7 |a 94(437)  |x Dějiny Česka a Slovenska  |2 Konspekt  |9 8 
080 |a 94(437.322)  |2 MRF 
080 |a (082.2)  |2 MRF 
100 1 |a Blaha, Jan  |7 jx20090707004  |4 aut 
245 1 0 |a Toulky morašickou minulostí /  |c Jan Blaha 
260 |a Morašice :  |b Obec Morašice,  |c 2013 
300 |a [10] l. :  |b il. (převážně barev.), 1 faksim. ;  |c 22 cm 
500 |a Název z přebalu 
500 |a Vydáno při příležitosti 760 let od první písemné zmínky o obci Morašice 
500 |a Uloženo v papírovém přebalu 
504 |a Obsahuje bibliografie 
655 7 |a jubilejní publikace  |7 fd131839  |2 czenas 
655 9 |a jubilee books  |2 eczenas 
651 7 |a Morašice (Znojmo, Česko)  |7 ge205859  |x dějiny  |2 czenas 
651 9 |a Morašice (Znojmo, Czechia)  |x history  |2 eczenas 
910 2 |a BOA001  |b 2-1307.554 
990 |a BK 
995 |a 01 
991 |b 201308  |c NOV  |e n 
996 6 |b 2610558846  |c 2-1307.554  |l MZK  |r Sklad / do 1 hodiny  |n 1  |p p.v.  |w 001350685  |u 000010  |a 1  |e BOA001  |j MZK50  |s P 
996 7 |b 2610558847  |c 2-1307.554  |l MZK  |r Sklad / do 1 hodiny  |n 2  |p p.v.  |w 001350685  |u 000020  |a 1  |e BOA001  |j MZK50  |s A